KOHA-Header-6

Cognitive Psychology and its implications (Record no. 6741)

000 -LEADER
fixed length control field 00252nam a2200109Ia 4500
020 ## - INTERNATIONAL STANDARD BOOK NUMBER
ISBN 978-0716736783
100 ## - MAIN ENTRY--AUTHOR NAME
Personal name Anderson,John R.
245 #0 - TITLE STATEMENT
Title Cognitive Psychology and its implications
260 ## - PUBLICATION, DISTRIBUTION, ETC. (IMPRINT)
Place of publication New York
Name of publisher CRC
Year of publication 1990
300 ## - PHYSICAL DESCRIPTION
Number of Pages 519
942 ## - ADDED ENTRY ELEMENTS (KOHA)
Koha item type Books
Holdings
Withdrawn status Lost status Collection code Permanent Location Current Location Shelving location Date acquired Full call number Accession Number Koha item type
    Psychology MAJU MAJU Shelf No.A35 2019-09-11 153 161 Psychology

Powered by Koha